000 01093nam a2200301 a 4500
001 000026215
005 20200930024412.0
008 110304s1966 mx r 000 0 spa d
040 _aDO-SdBNP
_bspa
_cBNPHU
041 1 7 _aspa
_heng
_2Código de idiomas MARC
082 _ann*
_bnn*
240 0 0 _aDevelopment: for what?
_lEspañol
245 1 0 _aDesarrollo, ¿para qué? /
_cAntony Allot... [et al] ; recopilación de John H. Hallowell. ; traducción de Lionel Dignowity.
260 _aMéxico, D. F. :
_bLimusa-Wley,
_c1966.
300 _a286 p. ;
_c19 cm.
534 _aTítulo de la obra en inglés :
_tDevelopment: for what?
500 _aIncluye referencias bibliográficas y notas al pie de las páginas.
700 1 _aDignowity, Lionel,
_etr.
_953228
700 1 _aAllot, Antony.
_953229
700 1 _aMcleod Bryan, G.
_953230
700 1 _aEmerson, Rupert.
_953231
700 1 _aHoover, Calvin B.
_953232
700 1 _aO´Connell, James.
_953233
700 1 _aSchatz, Sayre P.
_953234
700 1 _aShils, Edward.
_948723
700 1 _aSteere, Douglas V.
_953235
049 _aBNGR
999 _c25707
_d25707